Statistics for Countries Bordering Unknown Country #35

Click here to take the quiz!

General Stats

  • This quiz has been taken 264 times
  • The average score is 6 of 6

Answer Stats

Bordering CountryAnswer% Correct
GGuinea
99%
MMali
98%
GGambia
97%
GGuinea-Bissau
97%
MMauritania
97%
Senegal
93%

Score Distribution

Percentile by Number Answered

Percent of People with Each Score

Your Score History

You have not taken this quiz